00589cam a2200193 a 450000100100000000500170001000800410002704000290006805000200009708200150011710000330013224500370016526000370020230000280023950400280026765100320029565100470032765100210037400001087020200929162317.0721219s1962 nyua b 000 0 eng d aDO-SdBNPbengcLCdBNPHU00aDT115b.M6 1962 a962bM825b1 aMoorehead, Alan,d1910-1983.14aThe Blue Nile /cAlan Moorehead. aNew York :bHarper & Row,c1962. a308 p. :bil. ;c22 cm. aIncluye bibliografía. 0aNile River ValleyxHistory. 0aBlue Nile River (Ethiopia And Sudan{Rpara} 0aAfricaxHistory.